Click the Tate Mcrae song by lyrics - Statistics

General Stats
  • This quiz has been taken 1,629 times
  • The average score is 13 of 24
Answer Stats
Hint Answer % Correct
I would want myself, baby please believe me, I'll put you through hell, just to know me greedy
91%
Let's just say it is what it is and was what it was exes
81%
I know you, you're like this. When shit don't go you way you needed me to fix it. And like me, I did, but I ran out of every reason you broke me first
78%
I get obsessive with you, all that I want is attention from you, break into my life and break all my rules, it's true run for the hills
67%
If you say she's nothing to worry about, then why'd you close your eyes when you said it out loud she's all I wanna be
64%
My friends got scared and they called the cops, but I'm just at the Ritz with the door locked think later
61%
Lose myself, make you sweat go out and get messed up, find myself in your bed cut my hair
60%
All my morals shot even that don't phase me, loving you batshit crazy guilty conscience
60%
I could never make you want me like I wanted to be wanted, I could never really change you like I thought that I could grave
56%
Old friends, downtown, they didn't like me then and don't like me now calgary
55%
Thought that it was real, thought that it was worth it, out the window everything was looking perfect, caught in a dream, it's not what it seems plastic palm trees
55%
She's where you're waking up, she's got you making up such pretty boy excuses hurt my feelings
49%
When she falls hard, and a little too soon, tell me you won't treat her like you did with me and you boy x
48%
It makes no sense cause we're fighting over what we do, and there's no way that I'll end up being with you that way
48%
I have this paralyzing fear that I'll maybe go nowhere at all, but God forbid me ever admitting I could be scared chaotic
47%
It's impossible to get you off my mind, I think about a hundred thoughts and you are ninety-nine one day
47%
When I take off my makeup, go to bed wanna wake up with you stay done
44%
One moment we're broken and then we're fine, he called you back, wait, wasn't he mine? teenage mind
43%
Told me him and I would look so good, so when did you decide you want him instead? we're not alike
43%
I gave you everything that I couldn't afford to lose, now I pull myself together and you come out of the blue want that too
41%
Oh, why'd you say that? Can't believe you thought it's fine to say that, couldn't care less for one second, now you're all posessive messier
35%
I swear we kinda fell in love with the pain and I'm scared we don't even know the right way wish I loved you in the 90's
35%
Tell it to my face, already heard it last week, driving me insane lie to me
30%
You say that you've been missing me every single time we're not together bad ones
27%
No matching quizzes found
Score Distribution
Percent of People with Each Score
Percentile by Number Answered
Your Score History
You have not taken this quiz